Business Organisation (Record no. 4619)
[ view plain ]
| 000 -LEADER | |
|---|---|
| fixed length control field | 00323nam a2200145Ia 4500 |
| 008 - FIXED-LENGTH DATA ELEMENTS--GENERAL INFORMATION | |
| fixed length control field | 191201s2019 xx 000 0 und d |
| 082 ## - DEWEY DECIMAL CLASSIFICATION NUMBER | |
| Classification number | 658 |
| Item number | VAB |
| 100 ## - MAIN ENTRY--PERSONAL NAME | |
| Personal name | VASISHTH,Neeru |
| 245 #0 - TITLE STATEMENT | |
| Title | Business Organisation |
| 250 ## - EDITION STATEMENT | |
| Edition statement | Rep |
| 260 ## - PUBLICATION, DISTRIBUTION, ETC. (IMPRINT) | |
| Place of publication, distribution, etc | N. delhi |
| Name of publisher, distributor, etc | Taxmann,s |
| 300 ## - PHYSICAL DESCRIPTION | |
| Extent | 572 |
| 650 ## - SUBJECT ADDED ENTRY--TOPICAL TERM | |
| Topical term or geographic name as entry element | BBA |
| 942 ## - ADDED ENTRY ELEMENTS (KOHA) | |
| Source of classification or shelving scheme | Dewey Decimal Classification |
| Koha item type | Text Books |
| 942 ## - ADDED ENTRY ELEMENTS (KOHA) | |
| -- | 3 |
| Withdrawn status | Lost status | Source of classification or shelving scheme | Damaged status | Not for loan | Collection code | Home library | Current library | Date acquired | Source of acquisition | Cost, normal purchase price | Bill Number | Total Checkouts | Full call number | Acc. no. / Barcode | Date last seen | Bill Date | Koha item type | Date last borrowed | Public note |
|---|---|---|---|---|---|---|---|---|---|---|---|---|---|---|---|---|---|---|---|
| Dewey Decimal Classification | BBA | PIET C-LIBRARY | PIET C-LIBRARY | 11/08/2010 | The book company | 295.00 | IN-2687 | 658 VAB | 16151 | 04/12/2019 | 07/08/2010 | Text Books | |||||||
| Dewey Decimal Classification | BBA | PIET C-LIBRARY | PIET C-LIBRARY | 11/08/2010 | The book company | 295.00 | IN-2687 | 7 | 658 VAB | 16152 | 19/09/2025 | 07/08/2010 | Text Books | 10/09/2025 | |||||
| Dewey Decimal Classification | BBA | PIET C-LIBRARY | PIET C-LIBRARY | 11/08/2010 | The book company | 295.00 | IN-2687 | 6 | 658 VAB | 16153 | 08/02/2025 | 07/08/2010 | Text Books | 13/01/2024 | |||||
| Dewey Decimal Classification | BBA | PIET C-LIBRARY | PIET C-LIBRARY | 11/08/2010 | The book company | 295.00 | IN-2687 | 10 | 658 VAB | 16154 | 08/10/2024 | 07/08/2010 | Text Books | 25/09/2024 | . | ||||
| Dewey Decimal Classification | BBA | PIET C-LIBRARY | PIET C-LIBRARY | 11/08/2010 | The book company | 295.00 | IN-2687 | 9 | 658 VAB | 16155 | 02/02/2024 | 07/08/2010 | Text Books | 10/01/2024 | |||||
| Dewey Decimal Classification | BBA | PIET C-LIBRARY | PIET C-LIBRARY | 11/08/2010 | The book company | 295.00 | IN-2687 | 5 | 658 VAB | 16156 | 10/11/2025 | 07/08/2010 | Text Books | 27/10/2025 |